MARCHの学部 - Statistics

General Stats
  • This quiz has been taken 518 times
  • The average score is 27 of 56
Answer Stats
大学 学部 % Correct
明治大学 法学部
95%
法学部
95%
法学部
95%
中央大学 法学部
95%
法政大学 法学部
95%
経済学部
93%
経済学部
93%
経済学部
93%
経済学部
93%
文学部
92%
青山学院大学 文学部
92%
立教大学 文学部
92%
文学部
92%
文学部
92%
理工学部
85%
理工学部
85%
理工学部
85%
理工学部
85%
経営学部
77%
経営学部
77%
経営学部
77%
理学部
77%
経営学部
77%
商学部
66%
商学部
66%
農学部
57%
社会学部
54%
社会学部
54%
政治経済学部
53%
立教大学 観光学部
42%
国際日本学部
27%
異文化コミュニケーション学部
23%
総合数理学部
19%
総合政策学部
18%
キャリアデザイン学部
17%
国際政治経済学部
14%
国際経営学部
13%
コミュニティ福祉学部
12%
国際情報学部
12%
国際コミュニケーション学部
11%
生命科学部
10%
人間環境学部
9%
社会情報学部
8%
グローバル教養学部
8%
情報科学部
8%
デザイン工学部
8%
総合文化政策学部
7%
現代心理学部
7%
国際文化学部
7%
スポーツ健康学部
7%
教育人間科学部
6%
地球社会共生学部
6%
現代福祉学部
6%
コミュニティ人間科学部
5%
スポーツウエルネス学部
5%
グローバル・リベラルアーツ・プログラム
3%
No matching quizzes found
Score Distribution
Percent of People with Each Score
Percentile by Number Answered
Your Score History
You have not taken this quiz